000 00474 a2200157 4500
999 _c2151
_d2151
020 _a9780335227235
050 _aHM 1206 BUR 2010
100 _aBurton, Graeme
_eauthor
245 _aMedia and society :
_bcritical perspectives /
_cGraeme Burton
250 _a2nd ed.
264 _a New York :
_bMcGraw Hill,
_c2010
300 _a342p.:
_bill.
500 _aincludes bibliographical references and index
650 _aMedia Studies
942 _2lcc
_cBK
_e2nd ed.
_h1206
_iBUR
_kHM